000 00836nam a22002417a 4500
005 20240530110626.0
008 170104s2015 ua a g 000 0 ara d
017 _a2014/23772
_bمصر. دار الكتب
020 _a9789773192266
040 _aEG-CaGPL
_cEG-CaGPL
082 0 4 _221
_a070.449\
_bخ ص
100 0 _aخالد زكى
245 1 2 _aالصحافة و التمهيد للثورات /
_cخالد زكى
250 _aط. 1
260 _aالقاهرة :
_bالعربى للنشر و التوزيع ،
_c2015.
300 _a270 ص. :
_bايض ؛
_c24 سم.
650 0 4 _2qrmak
_aالصحافة
_xالجوانب السياسية
650 0 4 _2qrmak
_aالراى العام
650 0 4 _2qrmak
_aالتحول الديمقراطى
651 _2qrmak
942 _2ddc
_cBK
999 _c63157
_d63157